Datum a čas kvízu
13.5
Celkem bodů
Celkový počet nahraných bodů na tomto kvízu bez doplňovacích otázek.
7.
Pořadí na kvízu
Konečné umístění týmu na tomto kvízu.
Zaznamenané odpovědi
| # | Otázka | Odpověď | Body | Výsledky |
|---|---|---|---|---|
| 1. | Radnice města Zubří na Vsetíns... | pařez | 0 | |
| 2. | Vládní krize v Itálii, která b... | Matteo Salvini | 0 | |
| 3. | Minulý týden byl zahájen 76. r... | Extase | 0 | |
| 4. | V Etiopii byla nalezena téměř... | Australopithecus | 0 | |
| 5. | Pražská Slavia zvítězila v dom... | Jan Bořil | 0 | |
| 6. | Ve které ze čtyř možností jsou... | C | 0 | |
| 7. | Nyní je Vaším úkolem seřadit c... | A | 0 | |
| 8. | Seřaďte tato periodika od těch... | D | 0 | |
| 9. | Seřaďte tyto filmy od toho, kt... | B | 0 | |
| 10. | V poslední otázce tématu Vám d... | C | 0 |